01622nam a2200433 i 450000100060000000300080000600500170001400600190003100700150005000800410006502000280010603500220013404000310015605000220018708000100020908200140021910000270023324500630026026400490032330000410037233600310041333700330044433800430047749000610052050000200058150000240060150000230062550000220064850400280067058800830069859001620078165000290094365500290097270000270100179700180102883000620104685600630110899900170117167317FINmELB20241217142810.0m o d | cr cnu||||||||230301s2022 sp ob 001 0 spa d a9788413640815q(e-book) a(OCoLC)1373950655 aFINmELBbspaerdacFINmELB 4aHV4708bC334 2022 a179.304a179.12231 aCasal, Paula,eautora.14aLos derechos de los simios /cPaula Casal y Peter Singer,. 1aMadrid, España :bEditorial Trotta,c2022. a1 recurso en línea (235 páginas) atextobtxt2rdacontent/spa acomputadorabc2rdamedia/spa arecurso en líneabcr2rdacarrier/spa1 aColección Estructura y Porcesos ; Serie Medio Ambiente aIncluye anexos. aIncluye apéndice. aIncluye epílogo. aIncluye índice. aIncluye bibliografía. aDescripción basada en metadatos suministrados por el editor y otras fuentes. aRecurso electrónico. Santa Fe, Arg.: elibro, 2023. Disponible vía World Wide Web. El acceso puede estar limitado para las bibliotecas afiliadas a elibro. 4aDerecho de los animales. 4aRevistas electrónicas.1 aSinger, Peter,eautor.2 aelibro, Corp. 0aColección Estructura y Porcesos ; Serie Medio Ambiente.40uhttps://elibro.net/ereader/politecnicointernacional/219868 c67317d67317